Labour Shadow Cabinet 2015 - Statistics

General Stats
  • This quiz has been taken 68 times
    53 since last reset
  • The average score is 13 of 31
Answer Stats
Positon Answer % Correct
Leader of the Opposition Jeremy Corbyn
100%
Shadow Chancellor of the Exchequer John McDonnell
84%
Deputy Leader of the Opposition Tom Watson
84%
Shadow Secretary of State for International Development Diane Abbott
81%
Shadow Foreign Secretary Hilary Benn
75%
Shadow Home Secretary Andy Burnham
69%
Shadow Secretary of State for Business, Innovation and Skills Angela Eagle
56%
Shadow Leader of the House of Lords Angela Smith
56%
Shadow Secretary of State for Defence Maria Eagle
56%
Shadow Secretary of State for Work and Pensions Owen Smith
56%
Shadow Secretary of State for Energy and Climate Change Lisa Nandy
53%
Shadow Secretary of State for Education Lucy Powell
41%
Shadow Secretary of State for Health Heidi Alexander
38%
Shadow Secretary of State for Scotland Ian Murray
38%
Shadow Minister without Portfolio Jonathan Ashworth
34%
Opposition Chief Whip Rosie Winterton
34%
Shadow Minister for Young People and Voter Registration Gloria De Piero
31%
Shadow Secretary of State for Justice Lord Falconer of Thoroton
31%
Shadow Secretary of State for Northern Ireland Vernon Coaker
31%
Shadow Leader of the House of Commons Chris Bryant
28%
Shadow Secretary of State for Wales Nia Griffith
28%
Shadow Minister for Mental Health Luciana Berger
25%
Shadow Minister for Housing and Planning John Healey
22%
Shadow Secretary of State for Communities and Local Government Jon Trickett
22%
Shadow Minister for Women and Equalities Kate Green
19%
Shadow Secretary of State for Transport Lilian Greenwood
16%
Shadow Secretary of State for Culture, Media and Sport Michael Dugher
16%
Shadow Secretary of State for Environment, Food and Rural Affairs Kerry McCarthy
13%
Shadow Chief Secretary to the Treasury Seema Malhotra
13%
Shadow Attorney General Catherine McKinnell
9%
Lords Chief Whip Lord Bassam of Brighton
6%
No matching quizzes found
Score Distribution
Percent of People with Each Score
Percentile by Number Answered
Your Score History
You have not taken this quiz since the last reset